Online
Catalog

Reforma judicial en América Latina y el Caribe : (Record no. 1524)

MARC details
000 -CABECERA
campo de control de longitud fija 01372cam a2200301 a 4500
001 - NÚMERO DE CONTROL
campo de control 000001634
003 - IDENTIFICADOR DEL NÚMERO DE CONTROL
campo de control DO-SdBNP
005 - FECHA Y HORA DE LA ÚLTIMA TRANSACCIÓN
campo de control 20251204073701.0
008 - DATOS DE LONGITUD FIJA--INFORMACIÓN GENERAL
campo de control de longitud fija 970225s1997 wau 001 0 spa
020 ## - NÚMERO INTERNACIONAL ESTÁNDAR DEL LIBRO
Número Internacional Estándar del Libro 0821337157
040 ## - FUENTE DE LA CATALOGACIÓN
Centro catalogador/agencia de origen DO-SdBNP
Lengua de catalogación spa
Centro/agencia transcriptor BNPHU
041 17 - CÓDIGO DE LENGUA
Código de lengua del texto/banda sonora o título independiente eng
Código de lengua original spa
082 ## - NÚMERO DE LA CLASIFICACIÓN DECIMAL DEWEY
Número de clasificación 340.3098
Número de documento/Ítem R332
245 00 - MENCIÓN DE TÍTULO
Título Reforma judicial en América Latina y el Caribe :
Resto del título procedimientos de la Conferencia del Banco Mundial /
Mención de responsabilidad, etc. editado por Malcolm Rowat, Waleed H. Malik, María Dakolias.
260 ## - PUBLICACIÓN, DISTRIBUCIÓN, ETC.
Lugar de publicación, distribución, etc. Washington :
Nombre del editor, distribuidor, etc. Banco Mundial,
Fecha de publicación, distribución, etc. 1997.
300 ## - DESCRIPCIÓN FÍSICA
Extensión xi, 19 p. ;
Dimensiones 28 cm.
490 1# - MENCIÓN DE SERIE
Mención de serie Documento técnico del Banco Mundial
Designación de volumen o secuencia no. 280S
500 ## - NOTA GENERAL
Nota general Algunas de las ponencias presentadas en la "Conferencia del Banco Mundial sobre Reforma Judicial en América Latina y el Caribe", June 13-14, 1994, Washington, D.C.
650 #4 - PUNTO DE ACCESO ADICIONAL DE MATERIA--TÉRMINO DE MATERIA
Término de materia o nombre geográfico como elemento de entrada Reforma judicial
Subdivisión geográfica América Latina
9 (RLIN) 5342
650 #0 - PUNTO DE ACCESO ADICIONAL DE MATERIA--TÉRMINO DE MATERIA
Término de materia o nombre geográfico como elemento de entrada Reforma judicial
Subdivisión geográfica AMÉRICA LATINA
9 (RLIN) 5342
650 #0 - PUNTO DE ACCESO ADICIONAL DE MATERIA--TÉRMINO DE MATERIA
Término de materia o nombre geográfico como elemento de entrada Administración de justicia
Subdivisión geográfica Caribe, Región
9 (RLIN) 10083
700 1# - PUNTO DE ACCESO ADICIONAL--NOMBRE DE PERSONA
Nombre de persona Rowat, Malcolm,
Fechas asociadas al nombre 1945-
Término indicativo de función/relación ed.
9 (RLIN) 5345
700 1# - PUNTO DE ACCESO ADICIONAL--NOMBRE DE PERSONA
Nombre de persona Malik, Waleed Haider,
Fechas asociadas al nombre 1957-
Término indicativo de función/relación ed.
9 (RLIN) 5346
700 1# - PUNTO DE ACCESO ADICIONAL--NOMBRE DE PERSONA
Nombre de persona Dakolias, María,
Fechas asociadas al nombre 1965-
Término indicativo de función/relación ed.
9 (RLIN) 5347
711 2# - PUNTO DE ACCESO ADICIONAL--NOMBRE DE REUNIÓN/CONGRESO
Nombre de congreso/reunión o jurisdicción como elemento de entrada World Bank Conference on Development in Latin América and the Caribbean
Fecha del congreso/reunión (1994 :
Sede del congreso/Lugar de la reunión Washington, D.C.)
9 (RLIN) 5348
830 #0 - PUNTO DE ACCESO ADICIONAL DE SERIE-TÍTULO UNIFORME
Título uniforme Documento técnico del Banco Mundial
Designación de volumen o secuencia no. 280S
9 (RLIN) 5349
942 ## - ELEMENTOS DE PUNTO DE ACCESO ADICIONAL (KOHA)
Fuente del sistema de clasificación o colocación Dewey Decimal Classification
Tipo de ítem Koha Libro
Holdings
Estado de retiro Estado de pérdida Restricciones de uso No para préstamo Código de colección Localización permanente Ubicación/localización actual Ubicación en estantería Fecha de adquisición Número de inventario Total de préstamos Signatura topográfica completa Código de barras Fecha visto por última vez Precio válido a partir de Tipo de ítem Koha
    Préstamo interno   Monografías: Libros y Folletos General General En catalogación 18.08.2009 LF1   340.3098 R332 1634-10 25.06.2020 25.06.2020 Préstamo interno

Powered by Koha